000 00836nam a2200277 a 4500
001 000107951
003 CHAP
005 20220329143950.0
008 131122s2009 mx a |r| |||0|||spa d
010 _a104413
011 _a105385
020 _a9789703109463
040 _cCHAP
082 0 4 _a338.4774558
_bO77
100 1 _aOrtiz Rodríguez, Tonantzin
_9124685
245 1 0 _aBordados paradigmas para el desarrollo :
_bMetodología rural desde el sujeto social /
_cpor Tonantzin Ortiz Rodriguez.
260 _aMéxico :
_bUAM, Unidad Xochimilco,
_c2009.
300 _a183 p. :
_bil.
590 _aBATCH-UPD
_b05
_c20131122
_lUCH01
_h1303
590 _aE5652GLJ
_b05
_c20131122
_lUCH01
_h1302
650 1 4 _aArtesanías textiles.
_9124692
650 1 4 _aArtesanos
_zMorelos.
_9124693
901 _aBK
942 _cLIBRO
942 _n0
999 _c104413
_d104413